000 00839nam a2200229Ii 4500
003 JO-AjNU
008 230605s9999||||xx |||||||||||||| ||und||
017 _a21451/2015
020 _a978-977-04-8241-0
040 _aJO-AjNU
_bara
_erda
_cJO-AjNU
041 _aara
050 1 4 _aKZ6310.2015
100 3 _aالجندي، إمام احمد صبري,
_eauthor
_964447
245 0 0 _aدور المدعي العام امام المحكمة الجنائية الدولية
250 _aط1
264 3 1 _aالقاهرة: دار النهضة العربية للنشر والتوزيع، 2015
300 _a669ص
336 _atext
_btxt
_2rdacontent
337 _aunmediated
_bn
_2rdamedia
338 _avolume
_bnc
_2rdacarrier
650 4 _aالقانون الدولي الجنائي-المحكمة الجنائية الدولية
_964448
999 _aA29371
_c32939
_d32939